00556nam a2200133Ia 45000010005000000080041000050200022000460820025000681000108000932450150002012600029003519010027003809990015004074108241024s9999 xx 000 0 und d a978-99-45-58668-8 aRD/027.5/AR673m/2016 aRepública Dominicana. Archivo General de la Nación. Departamento de Investigación y Divulgación 0aMemorias del encuentro nacional de archivos (4to). Archivos Regionales, derechos, memoria e identidad, Santo Domingo, 19,20 y 21 de febrero 2014. bEditora Centenarioc2016 a4/7/2016 10:16:36 a.m. c9978d9978